Willis's elements of quantity surveying / (Record no. 588731)

000 -LEADER
fixed length control field 02180cam a22004098i 4500
001 - CONTROL NUMBER
control field 21459988
003 - CONTROL NUMBER IDENTIFIER
control field NUST
005 - DATE AND TIME OF LATEST TRANSACTION
control field 20220311105529.0
008 - FIXED-LENGTH DATA ELEMENTS--GENERAL INFORMATION
fixed length control field 200306s2020 nju 001 0 eng
010 ## - LIBRARY OF CONGRESS CONTROL NUMBER
LC control number 2020008847
020 ## - INTERNATIONAL STANDARD BOOK NUMBER
International Standard Book Number 9781119633181
Qualifying information (paperback)
020 ## - INTERNATIONAL STANDARD BOOK NUMBER
Canceled/invalid ISBN 9781119633204
Qualifying information (adobe pdf)
020 ## - INTERNATIONAL STANDARD BOOK NUMBER
Canceled/invalid ISBN 9781119633198
Qualifying information (epub)
038 ## - RECORD CONTENT LICENSOR
Staff Name SAIF
040 ## - CATALOGING SOURCE
Original cataloging agency DLC
Language of cataloging eng
Description conventions rda
Transcribing agency DLC
042 ## - AUTHENTICATION CODE
Authentication code pcc
050 00 - LIBRARY OF CONGRESS CALL NUMBER
Classification number TH435
Item number .W685 2020
082 00 - DEWEY DECIMAL CLASSIFICATION NUMBER
Classification number 692.5
Edition number 23
Author Mark LEE
100 1# - MAIN ENTRY--PERSONAL NAME
Personal name Lee, Sandra Jean,
Dates associated with a name 1953-
Relator term author.
9 (RLIN) 90568
245 10 - TITLE STATEMENT
Title Willis's elements of quantity surveying /
Statement of responsibility, etc. Sandra Lee.
250 ## - EDITION STATEMENT
Edition statement Thirteenth edition.
263 ## - PROJECTED PUBLICATION DATE
Projected publication date 2007
264 #1 - PRODUCTION, PUBLICATION, DISTRIBUTION, MANUFACTURE, AND COPYRIGHT NOTICE
Place of production, publication, distribution, manufacture Hoboken, NJ :
Name of producer, publisher, distributor, manufacturer John Wiley & Sons, Inc.,
Date of production, publication, distribution, manufacture, or copyright notice 2020.
300 ## - PHYSICAL DESCRIPTION
Extent pages cm
336 ## - CONTENT TYPE
Content type term text
Content type code txt
Source rdacontent
337 ## - MEDIA TYPE
Media type term unmediated
Media type code n
Source rdamedia
338 ## - CARRIER TYPE
Carrier type term volume
Carrier type code nc
Source rdacarrier
500 ## - GENERAL NOTE
General note Includes index.
520 ## - SUMMARY, ETC.
Summary, etc. "Willis's Elements of Quantity Surveying has become a standard text in the teaching of building measurement -- a core part of the degree curriculum for quantity surveyors. The book will be fully updated to follow the guidance given by RICS NRM 1 & 2. As in previous editions the focus remains a logical approach the detailed measurement of building elements and copious use of examples to guide the student. The text has been fully revised in line with the NRM guidance and includes many new and revised examples illustrating the use of NRM. The hallmarks of previous editions -- clarity and practicality -- are maintained, while ensuring the book is fully up to date, providing the student of quantity surveying with a first class introduction to the measurement of building elements"--
Assigning source Provided by publisher.
563 ## - BINDING INFORMATION
Binding note H.B
650 #0 - SUBJECT ADDED ENTRY--TOPICAL TERM
Topical term or geographic name entry element Building
General subdivision Estimates.
9 (RLIN) 90569
650 #0 - SUBJECT ADDED ENTRY--TOPICAL TERM
Topical term or geographic name entry element Quantity surveying.
9 (RLIN) 90570
776 08 - ADDITIONAL PHYSICAL FORM ENTRY
Relationship information Online version:
Main entry heading Lee, Sandra, 1953-
Title Willis's elements of quantity surveying
Edition Thirteenth edition.
Place, publisher, and date of publication Hoboken, NJ : John Wiley & Sons, Inc., 2020.
International Standard Book Number 9781119633204
Record control number (DLC) 2020008848
906 ## - LOCAL DATA ELEMENT F, LDF (RLIN)
a 7
b cbc
c orignew
d 1
e ecip
f 20
g y-gencatlg
942 ## - ADDED ENTRY ELEMENTS (KOHA)
Source of classification or shelving scheme
Koha item type Book
Holdings
Withdrawn status Lost status Source of classification or shelving scheme Damaged status Not for loan Permanent Location Current Location Date acquired Total Checkouts Full call number Barcode Date last seen Price effective from Koha item type
          School of Civil and Environmental Engineering (SCEE) School of Civil and Environmental Engineering (SCEE) 03/11/2022   692.5 LEE NIT-13548 03/11/2022 03/11/2022 Book
© 2023 Central Library, National University of Sciences and Technology. All Rights Reserved.